000 00910aam a2200373a 44500
008 950228s1994 cat
017 _aB-101294-1994
020 _a8449400872
041 _acat
080 _a611(084.4)
100 _aMcMinn, R.M.H.
_963009
245 _aAtlas d'anatomia humana
245 _cR.M.H Mcminn
245 _cR.T Hutchings
260 _aBarcelona
260 _bESPAXS
260 _bFundació Barcelona
260 _c1994
300 _a358 p.
_bil.
_c32 cm
500 _aApèndixs. Índex temàtic. Índex
520 _aaprox. 1820
546 _acatalà
591 _a4464
592 _aObra terminològica
593 _aEA
594 _a4464
650 _aanatomia humana
_960633
700 _aHutchings, R.T
_963010
901 _c<1994>
902 _a950228
942 _cMO
_n0
999 _c52432
_d52432